000 00619nam a2200181Ia 4500
008 151202s9999||||xx |||||||||||||| ||und||
082 _bPNVM-84532
100 _aभावे ह.अ.
245 _aआत्मविकासाचा सोपा मार्ग.
260 _bसरीता प्रकाशन.
260 _c1996
300 _a108
600 _aभावे ह.अ.
630 _aआत्मविकासाचा सोपा मार्ग.
700 _aभावे ह.अ.
730 _aआत्मविकासाचा सोपा मार्ग.
942 _cBOOK
999 _c1349384
_d1349381